Eastern Utah Libraries Catalog: Duchesne, Heber, Roosevelt, & Vernal

PBS Kids: 15 frozen tales. (Record no. 355335)

MARC details
000 -LEADER
fixed length control field 02254cgm a2200565Ki 4500
001 - CONTROL NUMBER
control field 1131699572
003 - CONTROL NUMBER IDENTIFIER
control field OCoLC
005 - DATE AND TIME OF LATEST TRANSACTION
control field 20201105090757.0
007 - PHYSICAL DESCRIPTION FIXED FIELD--GENERAL INFORMATION
fixed length control field vd cvaizq
008 - FIXED-LENGTH DATA ELEMENTS--GENERAL INFORMATION
fixed length control field 191216p20202019vau225 j vaeng d
020 ## - INTERNATIONAL STANDARD BOOK NUMBER
International Standard Book Number 9781531711689
020 ## - INTERNATIONAL STANDARD BOOK NUMBER
International Standard Book Number 1531711685
024 1# - OTHER STANDARD IDENTIFIER
Standard number or code 841887043434
028 42 - PUBLISHER NUMBER
Publisher number PKID612
Source PBS Kids
035 ## - SYSTEM CONTROL NUMBER
System control number (OCoLC)1131699572
037 ## - SOURCE OF ACQUISITION
Source of stock number/acquisition Midwest Tape
Note http://www.midwesttapes.com
040 ## - CATALOGING SOURCE
Original cataloging agency TEFMT
Language of cataloging eng
Description conventions rda
Transcribing agency TEFMT
Modifying agency TEF
-- OCLCF
-- IUO
-- IHY
-- GO4
-- SO$
041 0# - LANGUAGE CODE
Language code of text/sound track or separate title eng
Language code of original and/or intermediate translations of text eng
050 #4 - LIBRARY OF CONGRESS CALL NUMBER
Classification number PN1992.77
Item number .P37 2020
082 04 - DEWEY DECIMAL CLASSIFICATION NUMBER
Classification number 791.45/75
Edition number 23
092 ## - LOCALLY ASSIGNED DEWEY CALL NUMBER (OCLC)
Classification number PBS KIDS
245 00 - TITLE STATEMENT
Title PBS Kids: 15 frozen tales.
246 30 - VARYING FORM OF TITLE
Title proper/short title 15 frozen tales.
246 3# - VARYING FORM OF TITLE
Title proper/short title Fifteen frozen tales.
250 ## - EDITION STATEMENT
Edition statement Widescreen version.
257 ## - COUNTRY OF PRODUCING ENTITY FOR ARCHIVAL FILMS
Country of producing entity United States
264 #1 - Production, Publication, Distribution, Manufacture, and Copyright Notice.
Place of production, publication, distribution, manufacture [Arlington, Virginia] :
Name of producer, publisher, distributor, manufacturer PBS Kids,
Date of production, publication, distribution, manufacture, or copyr [2020]
300 ## - PHYSICAL DESCRIPTION
Extent 1 videodisc (approx. 225 min.) :
Other physical details sound, color ;
Dimensions 4 3/4 in.
336 ## - Content Type
Content type term two-dimensional moving image
337 ## - Media type
Media type term video
338 ## - Carrier type
Carrier type term videodisc
500 ## - GENERAL NOTE
General note Title from container.
500 ## - GENERAL NOTE
General note Originally broadcast as single episodes of various television programs.
520 ## - SUMMARY, ETC.
Summary, etc Grab the hat, scarf, mittens, and coat and join favorite PBS KIDS friends for some frozen fun! Watch these fifteen exciting tales from Arthur, Daniel Tiger₂s Neighborhood, Molly of Denali, and Wild Kratts, plus more from Caillou, Dinosaur Train, Let's Go Luna!, Pinkalicious and Peterrific, and WordWorld!
521 8# - TARGET AUDIENCE NOTE
Target audience note Rating: TVY.
538 ## - SYSTEM DETAILS NOTE
System details note DVD, wide screen.
546 ## - LANGUAGE NOTE
Language note Optional English subtitles.
650 #0 - SUBJECT ADDED ENTRY--TOPICAL TERM
Topical term or geographic name as entry element Superheroes
Form subdivision Juvenile films.
9 (RLIN) 5710750
650 #0 - SUBJECT ADDED ENTRY--TOPICAL TERM
Topical term or geographic name as entry element Winter
Form subdivision Juvenile films.
9 (RLIN) 5745478
650 #0 - SUBJECT ADDED ENTRY--TOPICAL TERM
Topical term or geographic name as entry element Children's television programs.
9 (RLIN) 6383844
650 #0 - SUBJECT ADDED ENTRY--TOPICAL TERM
Topical term or geographic name as entry element Animated television programs.
9 (RLIN) 6383845
655 #7 - INDEX TERM--GENRE/FORM
Genre/form data or focus term Children's television programs.
Source of term lcgft.
9 (RLIN) 6383846
655 #7 - INDEX TERM--GENRE/FORM
Genre/form data or focus term Fiction television programs.
Source of term lcgft.
9 (RLIN) 5673656
655 #7 - INDEX TERM--GENRE/FORM
Genre/form data or focus term Animated television programs.
Source of term lcgft.
9 (RLIN) 6383847
655 #0 - INDEX TERM--GENRE/FORM
Genre/form data or focus term DVD-Video discs.
9 (RLIN) 6383848
710 2# - ADDED ENTRY--CORPORATE NAME
Corporate name or jurisdiction name as entry element PBS for Kids,
Relator term production company,
-- broadcaster.
9 (RLIN) 65218
710 2# - ADDED ENTRY--CORPORATE NAME
Corporate name or jurisdiction name as entry element PBS Distribution (Firm),
Relator term publisher.
9 (RLIN) 5675827
907 ## - LOCAL DATA ELEMENT G, LDG (RLIN)
a .b420780269
942 ## - ADDED ENTRY ELEMENTS (KOHA)
Source of classification or shelving scheme Dewey Decimal Classification
Koha item type DVD < 3 months old
Holdings
Withdrawn status Lost status Source of classification or shelving scheme Damaged status Not for loan Collection code Home library Current library Shelving location Date acquired Source of acquisition Total Checkouts Total Renewals Full call number Barcode Date last seen Date checked out Cost, replacement price Price effective from Koha item type
    Dewey Decimal Classification     Children Movies Wasatch County Library Wasatch County Library Audio Visual Area 02/27/2020 Micromarketing 12 17 E DVD PBS Kids 34301001681388 05/13/2025 04/29/2025 6.99 03/20/2020 DVD
This project was made possible through a grant from the Institute of Museum and Library Service administered by the Utah State Library Division.

Wasatch County Library

  • 465 East 1200 South, Heber City, Utah 84032
  • Phone 435-654-1511 | Fax 435-654-6456

Hours

  • Monday - Friday 9:30 AM - 8:00 PM
  • Saturday 9:30 AM - 1:30 PM
  • Closed Sundays and Holidays